Podnikanie v praxi mesačník o ekonomike a podnikaní

Gespeichert in:
Bibliographische Detailangaben
Format: Schriftenreihe
Sprache:Slowakisch
Veröffentlicht: Bratislava MF SLOVENSKO 2003
Schlagworte:
Tags: Tag hinzufügen
Keine Tags, Fügen Sie das erste Tag hinzu!

MARC

LEADER 00000nas2a2200000 4500
001 0056861
005 20070509132335.4
022 |a 1335-7484 
041 0 |a slo 
044 |a SK 
245 1 0 |a Podnikanie v praxi  |b mesačník o ekonomike a podnikaní 
264 1 |a Bratislava  |b MF SLOVENSKO  |c 2003 
773 0 |w eu_un_cat*s124962 
610 2 0 |a podnikanie 
610 2 0 |a podnikatelia 
610 2 0 |a manažéri